000 00475nam a2200169Ia 4500
003 GCL
008 140319s9999 xx 000 0 ara d
040 _aGCL /
_cGCL
082 0 4 _a813.03
_bا و
100 1 _aابراهيم اصلان
245 1 0 _aوردية ليل /
_cابراهيم اصلان
300 _a107 ص
490 _aشرقيات
_v0
650 0 4 _aالقصص العربية
650 0 4 _aالادب العربى - العصر الحديث
942 _2ddc
_cBK
999 _c39717
_d39717